Guess the Harry Potter Movies by Scene #15 - Statistics

General Stats
  • This quiz has been taken 110 times
  • The average score is 19 of 20
Answer Stats
Picture Answer % Correct
Chamber of Secrets
100%
Goblet of Fire
100%
Chamber of Secrets
96%
Chamber of Secrets
96%
Deathly Hallows – Part 1
96%
Goblet of Fire
96%
Goblet of Fire
96%
Goblet of Fire
96%
Half-Blood Prince
96%
Half-Blood Prince
96%
Philosopher's Stone
96%
Prisoner of Azkaban
96%
Prisoner of Azkaban
96%
Deathly Hallows – Part 1
93%
Deathly Hallows – Part 2
93%
Deathly Hallows – Part 2
93%
Deathly Hallows – Part 2
93%
Order of the Phoenix
93%
Order of the Phoenix
93%
Prisoner of Azkaban
93%
No matching quizzes found
Score Distribution
Percent of People with Each Score
Percentile by Number Answered
Your Score History
You have not taken this quiz